000 00617cam a22002054a 4500
001 12127472
005 20250325100415.0
008 000802s2001 maua bs 001 0 eng
020 _a0072314885 (alk. paper)
050 0 0 _aHB171.5
_b.S25 2001
082 0 0 _a330
_221
100 1 _aSamuelson, Paul A.
_q(Paul Anthony),
_d1915-2009.
245 1 0 _aEconomics /
_cPaul A. Samuelson, William D. Nordhaus.
250 _a17th ed.
260 _aBoston, Mass. :
_bMcGraw-Hill,
_cc2001.
300 _axxiv, 792 p. :
_bill. (some col.) ;
_c26 cm.
650 0 _aEconomics.
700 1 _aNordhaus, William D.
942 _2lcc
_cBK
_n0
999 _c5164
_d5164